| 000 -LEADER |
| fixed length control field |
00295nam a2200121Ia 4500 |
| 008 - FIXED-LENGTH DATA ELEMENTS--GENERAL INFORMATION |
| fixed length control field |
190722s9999 xx 000 0 und d |
| 020 ## - INTERNATIONAL STANDARD BOOK NUMBER |
| International Standard Book Number |
978-0-307-34670-4 |
| 100 ## - MAIN ENTRY--PERSONAL NAME |
| Personal name |
Bill Kovach |
| 245 #4 - TITLE STATEMENT |
| Title |
The Elements of Journalism |
| 260 ## - PUBLICATION, DISTRIBUTION, ETC. (IMPRINT) |
| Place of publication, distribution, etc |
America |
| Name of publisher, distributor, etc |
Maria Elias |
| Date of publication, distribution, etc |
2007 |
| 300 ## - PHYSICAL DESCRIPTION |
| Extent |
268 |
| 942 ## - ADDED ENTRY ELEMENTS (KOHA) |
| Koha item type |
Books |